• 首页
  • 本馆介绍
  • 公告通知
  • 最新文献
  • 馆藏检索
  • 电子资源
  • 读者导购
  • 参考咨询
  • 我的图书馆
  • 登录
  • 详细信息显示
  • 放入我的书架
  • 预约/预借图书
  • 作者相关作品
  • 分类相关作品
  • 丛书相关作品
  • 出版社相关作品

书目信息

  • 表格格式
  • 工作单格式
  • 卡片格式
题名:
翻译理论与实践
    
 
作者: 彭卓吾 著
分册:  
出版信息: 北京   外语教学与研究出版社  1998
页数: 205页
开本: 20cm
丛书名:
单 册:
中图分类: H355.9
科图分类:
主题词: 俄语--翻译
电子资源:
ISBN: 7-5600-1258-2
000 00544nam0 2200193 450
001 0640091172
005 20060313111050.12
010    @a7-5600-1258-2@dCNY9.90
100    @a20060313d1998 km y0chiy0120 ea
101 0  @achi
102    @aCN@b110000
200 1  @a翻译理论与实践@Afan yi li lun yu shi jian@f彭卓吾著@Fpeng zhuo wu zhu
210    @a北京@c外语教学与研究出版社@d1998
215    @a205页@d20cm
606 0  @a俄语@x翻译
690    @aH355.9@v4
701  0 @a彭卓吾@Apeng zhuo wu@4著
801  0 @aCN@bPFT@c20060313
905    @a10447@dH355.9@e213
    
    翻译理论与实践/彭卓吾著.-北京:外语教学与研究出版社,1998
    205页;20cm
    
    
    ISBN 7-5600-1258-2:CNY9.90
    
●
相关链接 在E读中查询图书 在五车中查询图书 在当当中查询图书 在豆瓣中查询图书


正题名:翻译理论与实践     索取号:H355.9/213         预约/预借

序号 登录号 条形码 馆藏地/架位号 状态 备注
1 0339418   203394184   第二样本阅览室/ [索取号:H355.9/213] 在馆    
2 0339419   203394193   第四借阅区/ [索取号:H355.9/213] 在馆    
唐山师范学院图书馆 欢迎您!
大连网信软件有限公司© 版权所有